आत्महत्या के पर्याप्त / (Record no. 36337)

MARC details
000 -LEADER
fixed length control field 01130nam a22002537a 4500
005 - DATE AND TIME OF LATEST TRANSACTION
control field 20100526141144.0
008 - FIXED-LENGTH DATA ELEMENTS--GENERAL INFORMATION
fixed length control field 100526t xxu||||| |||| 00| 0 hin d
010 ## - LCCN (DPL NO)
LC control number HIN-89416
020 ## - INTERNATIONAL STANDARD BOOK NUMBER
International Standard Book Number 9788126718832
Terms of availability 150.00
035 ## - SYSTEM CONTROL NUMBER
System control number HN-61762
037 ## - SOURCE OF ACQUISITION
Source of stock number/acquisition DBAD / PUB
040 ## - CATALOGING SOURCE
Original cataloging agency DPL
Language of cataloging HN
082 ## - DEWEY DECIMAL CLASSIFICATION NUMBER
Classification number 821
100 ## - MAIN ENTRY--PERSONAL NAME
Personal name वन्दना देवेन्द्र
9 (RLIN) 21339
245 ## - TITLE STATEMENT
Title आत्महत्या के पर्याप्त /
Statement of responsibility, etc वन्दना देवेन्द्र
246 ## - VARYING FORM OF TITLE
Title proper/short title Aatmahatya ke paryay
Remainder of title by Vandana Davendra
260 ## - PUBLICATION, DISTRIBUTION, ETC. (IMPRINT)
Place of publication, distribution, etc नई दिल्ली
Name of publisher, distributor, etc राजकमल प्रकाशन
Date of publication, distribution, etc 2010
270 ## - ADDRESS
Address 1-बी, नेताजी सुभाष मार्ग
City नई दिल्ली
Postal code 11000
300 ## - PHYSICAL DESCRIPTION
Extent 100पृ
Dimensions 22सेमी (सजिल्द)
650 ## - SUBJECT ADDED ENTRY--TOPICAL TERM
Topical term or geographic name as entry element हिन्दी कविताएँ
9 (RLIN) 21340
650 ## - SUBJECT ADDED ENTRY--TOPICAL TERM
Topical term or geographic name as entry element Hindi Poetry
9 (RLIN) 698
942 ## - ADDED ENTRY ELEMENTS (KOHA)
Source of classification or shelving scheme Dewey Decimal Classification
Item type Hindi Books
Call number suffix वन्दना
Classification part 821
Holdings
Withdrawn status Lost status Source of classification or shelving scheme Damaged status Not for loan Collection code Home library Current library Date acquired Source of acquisition Cost, normal purchase price Total Checkouts Full call number Barcode Date last seen Copy number Cost, replacement price Koha item type
    Dewey Decimal Classification   Not For Loan Non-fiction D.B.Act.Division D.B.Act.Division 26/05/2010 DBAD / PUB 150.00   821 वन्दना HN-61762 26/05/2010 1 150.00 Hindi Books

© Delhi Public Library
Hit Counter
free hit counter